01360cem a2200385 i 450000100090000000300090000900500170001800700090003500800410004401000170008502500220010203400060012403700530013004000330018304200100021605000230022605200090024908200230025811000560028124501020033725500190043926001000045830000680055833600350062633700250066133800230068650000220070950000480073150400520077965000350083165500200086670000240088670000260091071000380093616899311BDDh-ASL20231015030509.0ad|canzn110802s2008 bg e 0 eng  a 2011324514 aB-Map-2011-3245140 aa bLibrary of Congress -- New Delhi Overseas Office aDLCbengcDLCerdadBDDh-ASL alcode00aG2276.J15bG4 2008 a764600a363.80954222bURB2 aGeographical Solutions Research Center (Bangladesh)14aThe urban food security atlas of Bangladesh /c[editors, Amanat Ullah Khan, Shahnaz Huq-Hussain]. aScales differ. aDhaka :bGeographical Solutions Research Center :bUnited Nations, World Food Programme,c2008. a1 atlas (137 pages) :bcolor illustrations, color maps ;c45 cm acartographic image2rdacontent aunmediated2rdamedia avolume2rdacarrier aTitle from cover. a"Department for International Development." aIncludes bibliographical references (page 137). 0aFood supplyzBangladeshvMaps. 7aAtlases.2lcgft1 aKhan, Amanat Ullah.1 aHuq-Hussain, Shahnaz.2 aWorld Food Programme, Bangladesh.